Aktuálne ekonomické a sociálne problémy Brazílie bakalárska práca

Saved in:
Bibliographic Details
Main Author: Jančovičová, Helena
Corporate Author: Fakulta medzinárodných vzťahov EU. Katedra medzinárodných ekonomických vzťahov a hospodárskej diplomacie
Other Authors: Janubová, Barbora, 1991-
Format: Book
Language:Slovak
Published: Bratislava 2021
Tags: Add Tag
No Tags, Be the first to tag this record!

MARC

LEADER 00000nbm a2200000 4500
001 0275411
005 20220222102110.7
041 0 |a slo 
044 |a SK 
245 1 0 |a Aktuálne ekonomické a sociálne problémy Brazílie  |b bakalárska práca  |c Helena Jančovičová ; školiteľ: Barbora Janubová 
264 1 |a Bratislava  |c 2021 
300 |a 49 s. 
100 1 |a Jančovičová, Helena 
700 1 |a Janubová, Barbora, 1991- 
710 2 |a Fakulta medzinárodných vzťahov EU. Katedra medzinárodných ekonomických vzťahov a hospodárskej diplomacie